| 000 | 01064cam a2200349 i 4500 | ||
|---|---|---|---|
| 999 |
_c200447694 _d65906 |
||
| 001 | 200447694 | ||
| 003 | TR-AnTOB | ||
| 005 | 20230530001118.0 | ||
| 007 | ta | ||
| 008 | 061107s2004 tu 00000 tur | ||
| 020 | _a9755128972 | ||
| 035 | _a(TR-AnTOB)200447694 | ||
| 040 |
_aSULEY _beng _erda _cSULEY _dTR-AnTOB |
||
| 041 | 0 | _atur | |
| 050 | 4 |
_aHF5686.A26 _bS67 2004 |
|
| 090 |
_aHF5686.A26 _bS67 2004 |
||
| 245 | 0 | 0 | _aSorularla acentelik (mümessillik) ve distribütörlük kılavuzu. |
| 264 | 1 |
_aİstanbul : _bİstanbul Ticaret Odası, _c2004. |
|
| 300 |
_a53 pages ; _c20 cm |
||
| 336 |
_atext _btxt _2rdacontent |
||
| 337 |
_aunmediated _bn _2rdamedia |
||
| 338 |
_avolume _bnc _2rdacarrier |
||
| 440 | 0 | _aİstanbul Ticaret Odası; | |
| 490 | 0 |
_aİstanbul Ticaret Odası ; _v2004-58 |
|
| 504 | _aBIB | ||
| 650 | 7 |
_aTicari acentalar _2etuturkob _9135763 |
|
| 650 | 7 |
_aDağıtıcılar (Ticaret) _2etuturkob _9135764 |
|
| 710 | 2 |
_aİstanbul Ticaret Odası _919571 |
|
| 942 |
_2lcc _cBK |
||